000 00283nam a22001337a 4500
008 170918b xxu||||| |||| 00| 0 eng d
020 _a078073005956
041 _aeng
080 _a7
100 _a44
101 _aART
245 _aTHE CARTOON BOOK
_cKEMSLEY,J
942 _2udc
_cBK
999 _c28124
_d28124